000 00668nam a2200229Ia 4500
003 OSt
005 20220927105111.0
006 a|||||r|||| 00| 0
007 ta
008 220926b |||||||| |||| 00| 0 eng d
024 _a195110
037 _cReference Collections
040 _aRTL
_cRTL
_beng
041 _2eng
_aeng
082 _a"W:12.1.N7, L8"
100 _aHicks Ursula K
_9370144
245 0 _aFedaralism
_b" Failure and success, a comparative study"
260 _aLondon
_bMacmillan
_c1978
300 _a"ix,205p."
_ccm.
942 _h"W:12.1.N7, L8"
_cCC
999 _c690646
_d690646